000 00535pam a2200205 i 4500
001 864778
005 20180215032434.0
008 790807s1980 nyua 001 0 eng
010 _a 79019705
020 _a0070568847
040 _aDLC
_cDLC
_dDLC
041 _aeng
080 _a621.8 SHIG
082 0 0 _a621.8 SHIG
100 1 _a62
101 _aIM
245 1 0 _aTheory of machines and mechanisms /
_cJoseph Edward Shigley, John Joseph Uicker, Jr.
906 _a7
_bcbc
_corignew
_d1
_eocip
_f19
_gy-gencatlg
942 _2ddc
_cBK
999 _c42559
_d42559